00589 2200181 4500245005800000020001800058250001100076100002400087700002300111650002000134005001900154260003100173041001400204084000800218300002600226500014600252336000900398 aJangan Buang Ibu , Nak ...cWahyu DerapriyanggahText a979-795-825-6 aCet. 1 aWahyu Derapriyangga aManshur El-Mubarok aNovel Indonesia a20231010133449 aJakartabWahyu Qolbuc2014 aIndonesia a813 ax, 209 hlm. :c19 cm. arestiana tidak mengerti, mengapa anaknya tega mengantarkan ia ke tempat ini. Tempat dimana restiana tidak lagi menemukan kehangatan keluarga. atext